The Marvel Cinematic Universe: The Multiverse Saga - Statistics

General Stats
  • This quiz has been taken 72 times
    41 since last reset
  • The average score is 24 of 32
Answer Stats
Year Movie/TV Show/Special % Correct
2021 Loki
97%
2023 Loki: Season 2
97%
2021 Shang-Chi and The Legend of The Ten Rings
94%
2021 Spider-Man: No Way Home
94%
2021 Eternals
88%
2022 She-Hulk: Attorney at Law
88%
2022 Thor: Love and Thunder
88%
2021 WandaVision
88%
2021 Black Widow
84%
2022 Doctor Strange in the Multiverse of Madness
84%
2022 Ms. Marvel
84%
2021 The Falcon and The Winter Soldier
84%
2023 The Marvels
84%
2022 Black Panther: Wakanda Forever
81%
2023 Guardians of the Galaxy Vol. 3
81%
2021 Hawkeye
81%
2022 Moon Knight
81%
2023 Ant-Man and The Wasp: Quantumania
75%
2027 Avengers: Secret Wars
72%
2025 Fantastic Four
72%
2023 Secret Invasion
72%
2024 Deadpool 3
66%
2023 Echo
66%
2026 Avengers: The Kang Dynasty
63%
2025 Blade
59%
2024 Thunderbolts
59%
2022 Werewolf By Night
56%
2024 Captain America: Brave New World
53%
TBA Daredevil: Born Again
44%
TBA Ironheart
44%
2022 The Guardians of the Galaxy Holiday Special
41%
TBA Agatha: Coven of Chaos
34%
No matching quizzes found
Score Distribution
Percent of People with Each Score
Percentile by Number Answered
Your Score History
You have not taken this quiz since the last reset